| 000 | 00543nam a2200205Ia 4500 | ||
|---|---|---|---|
| 003 | GCL | ||
| 008 | 140319s9999 xx 000 0 eng d | ||
| 040 |
_aGCL / _cGCL |
||
| 082 | 0 | 4 |
_a181.9 _bH T |
| 100 | 1 | _aAL-HUSRY, KHALDUN | |
| 245 | 1 | 0 |
_aTHREE REFORMERS, A STUDY IN MODERN ARAB POLITICAL THOUGHT / _cAL-HUSRY, KHALDUN |
| 260 |
_a[S.N] : _bKHAUATS ، _c1966 |
||
| 300 | _a176 P | ||
| 650 | 0 | 4 | _aPHILOSOPHY |
| 650 | 0 | 4 | _aMIDDLE EAST |
| 650 | 0 | 4 | _aREFORMERS |
| 650 | 0 | 4 | _aARABIC WORLD |
| 650 | 0 | 4 | _aPOLITICAL THOUGHT |
| 942 |
_2ddc _cBK |
||
| 999 |
_c17153 _d17153 |
||